Toward Old Testament ethics / (Record no. 538)
[ view plain ]
| 000 -LEADER | |
|---|---|
| fixed length control field | 00844pam a2200265 a 4500 |
| 001 - CONTROL NUMBER | |
| control field | 934098 |
| 003 - CONTROL NUMBER IDENTIFIER | |
| control field | GBCCL |
| 005 - DATE AND TIME OF LATEST TRANSACTION | |
| control field | 20241126110340.0 |
| 008 - FIXED-LENGTH DATA ELEMENTS--GENERAL INFORMATION | |
| fixed length control field | 830801s1983 miu b 001 0 eng |
| 010 ## - | |
| -- | 83017095 |
| 020 ## - INTERNATIONAL STANDARD BOOK NUMBER | |
| International Standard Book Number | 0310371104 |
| 020 ## - INTERNATIONAL STANDARD BOOK NUMBER | |
| International Standard Book Number | 0310371112 |
| 040 ## - CATALOGING SOURCE | |
| Original cataloging agency | DLC |
| Transcribing agency | DLC |
| Modifying agency | DLC |
| 050 00 - | |
| -- | BS1199.E8 |
| -- | K34 1983 |
| 082 00 - DEWEY DECIMAL CLASSIFICATION NUMBER | |
| Classification number | 241 |
| Edition information | 19 |
| Item number | KAI |
| 100 1# - MAIN ENTRY--PERSONAL NAME | |
| Personal name | Kaiser, Walter C., |
| Titles and words associated with a name | Jr. |
| Fuller form of name | (Walter Christian), |
| Dates associated with a name | 1933- |
| 245 10 - TITLE STATEMENT | |
| Title | Toward Old Testament ethics / |
| Statement of responsibility, etc. | Walter C. Kaiser, Jr. |
| 260 ## - PUBLICATION, DISTRIBUTION, ETC. | |
| Place of publication, distribution, etc. | Grand Rapids, Mich. : |
| Name of publisher, distributor, etc. | Zondervan, |
| Date of publication, distribution, etc. | 1983, 1991. |
| 300 ## - PHYSICAL DESCRIPTION | |
| Extent | xii, 345 p. ; |
| Dimensions | 24 cm. |
| 504 ## - BIBLIOGRAPHY, ETC. NOTE | |
| Bibliography, etc. note | Includes bibliographical references and indexes. |
| 630 00 - SUBJECT ADDED ENTRY--UNIFORM TITLE | |
| Uniform title | Bible. |
| Name of part/section of a work | Old Testament |
| General subdivision | Criticism, interpretation, etc. |
| 650 #0 - SUBJECT ADDED ENTRY--TOPICAL TERM | |
| Topical term or geographic name entry element | Ethics in the Bible. |
| 906 ## - LOCAL DATA ELEMENT F, LDF (RLIN) | |
| a | 7 |
| b | cbc |
| c | orignew |
| d | 1 |
| e | ocip |
| f | 19 |
| g | y-gencatlg |
| 942 ## - ADDED ENTRY ELEMENTS (KOHA) | |
| Source of classification or shelving scheme | Dewey Decimal Classification |
| Koha item type | Books |
| Koha issues (borrowed), all copies | 16 |
| Withdrawn status | Lost status | Source of classification or shelving scheme | Damaged status | Not for loan | Home library | Current Library | Shelving location | Date acquired | Total checkouts | Full call number | Barcode | Date last seen | Date last checked out | Copy number | Price effective from | Koha item type |
|---|---|---|---|---|---|---|---|---|---|---|---|---|---|---|---|---|
| Dewey Decimal Classification | GRACE BIBLE COLLEGE | GRACE BIBLE COLLEGE | Theology | 2016-11-16 | 6 | 241 KAI | 000683 | 2025-05-01 | 2023-02-17 | c.1 | 2016-11-16 | Books | ||||
| Dewey Decimal Classification | GRACE BIBLE COLLEGE | GRACE BIBLE COLLEGE | Theology | 2016-11-16 | 15 | 241 KAI | 000707 | 2025-07-23 | 2025-07-18 | c.2 | 2016-11-16 | Books |